Közép-Európa bizonytalan körvonalai emlék és valóság : [tanulmány] /

Elmentve itt :
Bibliográfiai részletek
Szerző: Pomogáts Béla
Dokumentumtípus: Cikk
Megjelent: 1992
Sorozat:Tiszatáj 46 No. 9
Kulcsszavak:Kulturális régió - Közép-Európa - tanulmány, Integráció - Európa
Online Access:http://tiszataj.bibl.u-szeged.hu/15104
LEADER 00677nab a2200181 i 4500
001 tisza15104
005 20200330153905.0
008 170124s1992 hu o 0|| hun d
022 |a 0133-1167 
040 |a SZTE Tiszatáj Archívum  |b hun 
041 |a hun 
100 1 |a Pomogáts Béla 
245 1 0 |a Közép-Európa bizonytalan körvonalai   |h [elektronikus dokumentum] :  |b emlék és valóság : [tanulmány] /  |c  Pomogáts Béla 
260 |c 1992 
300 |a 47-59 
490 0 |a Tiszatáj  |v 46 No. 9 
695 |a Kulturális régió - Közép-Európa - tanulmány, Integráció - Európa 
856 4 0 |u http://tiszataj.bibl.u-szeged.hu/15104/1/tiszataj_1992_009_047-059.pdf  |z Dokumentum-elérés